| 000 | 00000nam 2200000za 4500 |
| 001 | 9.691609 |
| 003 | CaOODSP |
| 005 | 20210921095718 |
| 007 | cr ||||||||||| |
| 008 | 150407|2008||||xxc|||||o f|0| 0 eng d |
| 020 | |a978-1-100-11263-3 |
| 040 | |aCaOODSP|beng |
| 043 | |an-cn--- |
| 086 | 1 |aIu20-1/2008E-PDF |
| 110 | 1 |aCanada. |bOffice of Consumer Affairs. |
| 245 | 10|aCanadian consumer handbook 2008-2009 |h[electronic resource] |
| 260 | |aOttawa - Ontario : |bIndustry Canada. |c[2008]. |
| 300 | |a94p.|bcoloured illus. |
| 520 | 3 |aOffers information and advice to help consumers make informed decisions, protect against unscrupulous dealers and learn about their rights in the marketplace. In addition, contact information is available for follow-up in each jurisdiction. |
| 590 | |a09-10|b2009-03-06 |
| 690 | 07|aConsumer protection|2gcpds |
| 775 | 08|tGuide du consommateur canadien 2008-2009 |w(CaOODSP)9.635935 |
| 776 | 0#|tCanadian consumer handbook 2008-2009 / |w(CaOODSP)9.671687 |
| 776 | 0#|tGuide du consommateur canadien 2008-2009 / |w(CaOODSP)9.671688 |
| 795 | |tCanadian consumer handbook 2007 |w(CaOODSP)9.689392 |
| 856 | 40|ahttp://publications.gc.ca|qPDF|s1079 KB|uhttps://publications.gc.ca/collections/collection_2009/ic/Iu20-1-2008E.pdf |